|
|
|
|
| LEADER |
00837nam a2200217 i 4500 |
| 001 |
misc58016 |
| 005 |
20210603175952.0 |
| 008 |
210603s1909 hu o 0|| hun d |
| 040 |
|
|
|a SZTE Miscellanea Repozitórium
|b hun
|
| 041 |
|
|
|a hun
|
| 100 |
1 |
|
|a Czimer Károly
|
| 245 |
1 |
2 |
|a A megyegyűlések vándorlása Csongrád vármegyében
|h [elektronikus dokumentum] :
|b történeti tanulmány /
|c Czimer Károly
|
| 260 |
|
|
|a Dugonics Társaság
|b Szeged, Magyarország
|c 1909
|
| 300 |
|
|
|a 50 p.
|c 23 cm
|
| 650 |
|
4 |
|a Bölcsészettudományok
|
| 650 |
|
4 |
|a Történettudomány és régészet
|
| 650 |
|
4 |
|a Történettudomány
|
| 650 |
|
4 |
|a Kora újkori történelem
|
| 650 |
|
4 |
|a Újkori és jelenkori történelem
|
| 695 |
|
|
|a Csongrád megye története - 18-19. sz.
|
| 856 |
4 |
0 |
|u http://misc.bibl.u-szeged.hu/58016/1/xb_254027.pdf
|z Dokumentum-elérés
|